000 01024nam a2200181 a 4500
008 081014s2007 ||||||||||||||||| || u
050 _aIBRD(05)
110 _aWorld Bank
245 1 0 _aBeyond Transition
260 _aWashington, D. C.
_bWorld Bank
_c2007
300 _a32p. ill
350 _a0.00
650 _aREFORMING ECONOMIES
995 _aSPECIAL COLLECTIONS
_D0.00
_eIBRD(05)BT/07
_FCBU-MAIN LIBRARY (Kitwe)
_H1
_I0.00
_jIBRD(05)BT/07
_M1
_UAVAILABLE
_WOct 14, 2008
_yZ03003031
_ZInternational Publications
995 _aSPECIAL COLLECTIONS
_D0.00
_e03006212
_FCBU-MAIN LIBRARY (Kitwe)
_H1
_I0.00
_jIBRD(05)BT/2007/2A
_M1
_UAVAILABLE
_WApr 27, 2010
_yZ03006212
_ZInternational Publications
995 _aSPECIAL COLLECTIONS
_D0.00
_eIBRD(05)BT/07
_FCBU-MAIN LIBRARY (Kitwe)
_H1
_I0.00
_jIBRD(05)BT/07
_M2
_UAVAILABLE
_WOct 14, 2008
_yZ03003032
_ZInternational Publications
995 _aSPECIAL COLLECTIONS
_D0.00
_e03006215
_FCBU-MAIN LIBRARY (Kitwe)
_H1
_I0.00
_jIBRD(05)BT/2007/2B
_M2
_UAVAILABLE
_WApr 27, 2010
_yZ03006215
_ZInternational Publications
999 _c84625
_d84625